[Event "Benidorm Satellite preliminary"]
[Site "playchess.com #007036"]
[Date "2009.10.24"]
[Round "8"]
[White "Pepecuenca2"]
[Black "Came On"]
[Result "0-1"]
[WhiteElo "2437"]
[BlackElo "2618"]
[PlyCount "120"]
[EventDate "2009.10.24"]
[EventType "swiss (blitz)"]

1. Nf3 {[%emt 0:00:07]} Nf6 {[%emt 0:00:02]} 2. c4 {[%emt 0:00:08]} e6 {[%emt
0:00:02]} 3. Nc3 {[%emt 0:00:02]} d5 {[%emt 0:00:01]} 4. d4 {[%emt 0:00:01]}
Be7 {[%emt 0:00:05]} 5. Bg5 {[%emt 0:00:02]} O-O {[%emt 0:00:04]} 6. e3 {[%emt
0:00:00]} Nbd7 {[%emt 0:00:02]} 7. Rc1 {[%emt 0:00:02]} c5 {[%emt 0:00:02]} 8.
cxd5 {[%emt 0:00:19]} exd5 {[%emt 0:00:04]} 9. Bd3 {[%emt 0:00:19]} c4 {[%emt
0:00:07]} 10. Bb1 {[%emt 0:00:03]} Re8 {[%emt 0:00:04]} 11. O-O {[%emt 0:00:02]
} a6 {[%emt 0:00:01]} 12. Ne5 {[%emt 0:00:07]} h6 {[%emt 0:00:07]} 13. Bh4 {
[%emt 0:00:17]} b5 {[%emt 0:00:13]} 14. Nc6 {[%emt 0:00:12]} Qb6 {[%emt 0:00:
03]} 15. Nxe7+ {[%emt 0:00:09]} Rxe7 {[%emt 0:00:00]} 16. Qf3 {[%emt 0:00:06]}
Bb7 {[%emt 0:00:04]} 17. Qf5 {[%emt 0:00:02]} Qe6 {[%emt 0:00:02]} 18. Qf3 {
[%emt 0:00:04]} Ree8 {[%emt 0:00:05]} 19. Bf5 {[%emt 0:00:10]} Qc6 {[%emt 0:00:
06]} 20. Rfd1 {[%emt 0:00:09]} Nb6 {[%emt 0:00:20]} 21. Bg3 {[%emt 0:00:18]}
Bc8 {[%emt 0:00:06]} 22. Be5 {[%emt 0:00:04]} Bxf5 {[%emt 0:00:26]} 23. Qxf5 {
[%emt 0:00:00]} Nbd7 {[%emt 0:00:01]} 24. Bg3 {[%emt 0:00:14]} Qe6 {[%emt 0:00:
02]} 25. Qf3 {[%emt 0:00:02]} Ne4 {[%emt 0:00:02]} 26. Ne2 {[%emt 0:00:03]} Ng5
{[%emt 0:00:10]} 27. Qf4 {[%emt 0:00:03]} Rac8 {[%emt 0:00:02]} 28. Re1 {[%emt
0:00:06]} Nf6 {[%emt 0:00:01]} 29. Qd6 {[%emt 0:00:16]} Nfe4 {[%emt 0:00:16]}
30. Qxe6 {[%emt 0:00:02]} Nxe6 {[%emt 0:00:00]} 31. f3 {[%emt 0:00:11]} Nxg3 {
[%emt 0:00:01]} 32. hxg3 {[%emt 0:00:00]} b4 {[%emt 0:00:06]} 33. Kf2 {[%emt 0:
00:03]} f5 {[%emt 0:00:01]} 34. Rc2 {[%emt 0:00:04]} a5 {[%emt 0:00:01]} 35.
Rec1 {[%emt 0:00:01]} Rc7 {[%emt 0:00:02]} 36. Ng1 {[%emt 0:00:05]} Rce7 {
[%emt 0:00:04]} 37. Re2 {[%emt 0:00:03]} Kf7 {[%emt 0:00:03]} 38. Rcc2 {[%emt
0:00:01]} g5 {[%emt 0:00:01]} 39. Nh3 {[%emt 0:00:01]} Kf6 {[%emt 0:00:01]} 40.
Ng1 {[%emt 0:00:01]} a4 {[%emt 0:00:07]} 41. Rcd2 {[%emt 0:00:01]} b3 {[%emt 0:
00:02]} 42. axb3 {[%emt 0:00:01]} axb3 {[%emt 0:00:01]} 43. Re1 {[%emt 0:00:01]
} f4 {[%emt 0:00:04]} 44. gxf4 {[%emt 0:00:03]} gxf4 {[%emt 0:00:01]} 45. Rde2
{[%emt 0:00:02]} fxe3+ {[%emt 0:00:03]} 46. Rxe3 {[%emt 0:00:01]} Nxd4 {[%emt
0:00:02]} 47. Rxe7 {[%emt 0:00:03]} Rxe7 {[%emt 0:00:00]} 48. Rd1 {[%emt 0:00:
00]} Ne6 {[%emt 0:00:18]} 49. Rxd5 {[%emt 0:00:01]} Nf4 {[%emt 0:00:03]} 50.
Rd6+ {[%emt 0:00:10]} Re6 {[%emt 0:00:01]} 51. Rd2 {[%emt 0:00:12]} Nd3+ {
[%emt 0:00:01]} 52. Kg3 {[%emt 0:00:01]} Re1 {[%emt 0:00:06]} 53. Ne2 {[%emt 0:
00:01]} Rb1 {[%emt 0:00:03]} 54. Nc3 {[%emt 0:00:06]} Rxb2 {[%emt 0:00:02]} 55.
Ne4+ {[%emt 0:00:01]} Ke5 {[%emt 0:00:01]} 56. Rd1 {[%emt 0:00:04]} Re2 {[%emt
0:00:04]} 57. Kh3 {[%emt 0:00:03]} Rxe4 {[%emt 0:00:01]} 58. Ra1 {[%emt 0:00:
01]} Re1 {[%emt 0:00:02]} 59. Ra5+ {[%emt 0:00:01]} Kd4 {[%emt 0:00:01]} 60.
Rb5 {[%emt 0:00:01]} Kc3 {[%emt 0:00:02] Pepecuenca2 resigns} 0-1

[Event "Benidorm Satellite preliminary"]
[Site "playchess.com #007036"]
[Date "2009.10.24"]
[Round "8"]
[White "Wethalon"]
[Black "BLiTzcHAmP"]
[Result "0-1"]
[WhiteElo "2463"]
[BlackElo "2707"]
[PlyCount "102"]
[EventDate "2009.10.24"]
[EventType "swiss (blitz)"]

1. e4 {[%emt 0:00:01]} e5 {[%emt 0:00:01]} 2. Nc3 {[%emt 0:00:01]} Nf6 {[%emt
0:00:01]} 3. Bc4 {[%emt 0:00:01]} Nc6 {[%emt 0:00:01]} 4. d3 {[%emt 0:00:01]}
Bc5 {[%emt 0:00:01]} 5. f4 {[%emt 0:00:02]} d6 {[%emt 0:00:00]} 6. Nf3 {[%emt
0:00:03]} Ng4 {[%emt 0:00:01]} 7. Ng5 {[%emt 0:00:13]} O-O {[%emt 0:00:07]} 8.
f5 {[%emt 0:00:05]} Bf2+ {[%emt 0:00:35]} 9. Kf1 {[%emt 0:00:06]} Ne3+ {[%emt
0:00:03]} 10. Bxe3 {[%emt 0:00:03]} Bxe3 {[%emt 0:00:00]} 11. h4 {[%emt 0:00:
07]} Bxg5 {[%emt 0:00:05]} 12. hxg5 {[%emt 0:00:01]} Qxg5 {[%emt 0:00:00]} 13.
Nd5 {[%emt 0:00:05]} Nd4 {[%emt 0:00:31]} 14. c3 {[%emt 0:00:14]} c6 {[%emt 0:
00:28]} 15. Rh5 {[%emt 0:00:19]} Qd8 {[%emt 0:00:11]} 16. cxd4 {[%emt 0:00:10]}
cxd5 {[%emt 0:00:02]} 17. Bxd5 {[%emt 0:00:02]} Be6 {[%emt 0:00:14]} 18. Qb3 {
[%emt 0:00:28]} Bxd5 {[%emt 0:00:02]} 19. Qxd5 {[%emt 0:00:01]} Qb6 {[%emt 0:
00:01]} 20. dxe5 {[%emt 0:00:18]} Qxb2 {[%emt 0:00:02]} 21. Re1 {[%emt 0:00:03]
} dxe5 {[%emt 0:00:01]} 22. Re2 {[%emt 0:00:04]} Qc1+ {[%emt 0:00:02]} 23. Re1
{[%emt 0:00:09]} Qf4+ {[%emt 0:00:01]} 24. Kg1 {[%emt 0:00:02]} Rad8 {[%emt 0:
00:01]} 25. Qb3 {[%emt 0:00:08]} Qg3 {[%emt 0:00:02]} 26. Rd1 {[%emt 0:00:04]}
Rd6 {[%emt 0:00:03]} 27. Rh3 {[%emt 0:00:01]} Qg4 {[%emt 0:00:01]} 28. Rf1 {
[%emt 0:00:21]} Rfd8 {[%emt 0:00:09]} 29. Rff3 {[%emt 0:00:02]} Qg5 {[%emt 0:
00:08]} 30. Qxb7 {[%emt 0:00:12]} Rb6 {[%emt 0:00:12]} 31. Qxa7 {[%emt 0:00:06]
} Rb1+ {[%emt 0:00:02]} 32. Kh2 {[%emt 0:00:01]} Qc1 {[%emt 0:00:08]} 33. f6 {
[%emt 0:00:03]} g6 {[%emt 0:00:16]} 34. Qe7 {[%emt 0:00:11]} Rf8 {[%emt 0:00:
07]} 35. Qxe5 {[%emt 0:00:05]} Qg1+ {[%emt 0:00:06]} 36. Kg3 {[%emt 0:00:02]}
Qe1+ {[%emt 0:00:01]} 37. Kh2 {[%emt 0:00:02]} Qg1+ {[%emt 0:00:01]} 38. Kg3 {
[%emt 0:00:02]} Rc1 {[%emt 0:00:06]} 39. Qf4 {[%emt 0:00:07]} Rc2 {[%emt 0:00:
03]} 40. Rf2 {[%emt 0:00:02]} Qe1 {[%emt 0:00:04]} 41. Qf3 {[%emt 0:00:02]} Rd8
{[%emt 0:00:04]} 42. Rh4 {[%emt 0:00:05]} Rxd3 {[%emt 0:00:01]} 43. Qxd3 {
[%emt 0:00:08]} Qxf2+ {[%emt 0:00:02]} 44. Kg4 {[%emt 0:00:00]} Qxg2+ {[%emt 0:
00:01]} 45. Kf4 {[%emt 0:00:00]} Qf2+ {[%emt 0:00:04]} 46. Ke5 {[%emt 0:00:01]}
Qc5+ {[%emt 0:00:05]} 47. Kf4 {[%emt 0:00:01]} g5+ {[%emt 0:00:01]} 48. Kg4 {
[%emt 0:00:01]} gxh4 {[%emt 0:00:02]} 49. e5 {[%emt 0:00:05]} Qc4+ {[%emt 0:00:
02]} 50. Qxc4 {[%emt 0:00:01]} Rxc4+ {[%emt 0:00:00]} 51. Kh5 {[%emt 0:00:00]}
Ra4 {[%emt 0:00:02] Wethalon resigns} 0-1

[Event "Benidorm Satellite preliminary"]
[Site "playchess.com #007036"]
[Date "2009.10.24"]
[Round "8"]
[White "Jahhaj"]
[Black "TheMaster15"]
[Result "1-0"]
[WhiteElo "1903"]
[BlackElo "2326"]
[PlyCount "113"]
[EventDate "2009.10.24"]
[EventType "swiss (blitz)"]

1. d4 {[%emt 0:00:02]} Nf6 {[%emt 0:00:01]} 2. c4 {[%emt 0:00:01]} c5 {[%emt 0:
00:01]} 3. d5 {[%emt 0:00:02]} e6 {[%emt 0:00:00]} 4. Nc3 {[%emt 0:00:01]} exd5
{[%emt 0:00:01]} 5. cxd5 {[%emt 0:00:01]} d6 {[%emt 0:00:01]} 6. Nf3 {[%emt 0:
00:01]} g6 {[%emt 0:00:01]} 7. Nd2 {[%emt 0:00:02]} Bg7 {[%emt 0:00:02]} 8. e4
{[%emt 0:00:02]} O-O {[%emt 0:00:02]} 9. Be2 {[%emt 0:00:03]} Nbd7 {[%emt 0:00:
01]} 10. O-O {[%emt 0:00:02]} Qe7 {[%emt 0:00:01]} 11. Qc2 {[%emt 0:00:10]} a6
{[%emt 0:00:01]} 12. a4 {[%emt 0:00:02]} Ne8 {[%emt 0:00:07]} 13. f4 {[%emt 0:
00:12]} Bd4+ {[%emt 0:00:08]} 14. Kh1 {[%emt 0:00:02]} f5 {[%emt 0:00:03]} 15.
Bf3 {[%emt 0:00:35]} Ndf6 {[%emt 0:00:10]} 16. Re1 {[%emt 0:00:17]} fxe4 {
[%emt 0:00:11]} 17. Ndxe4 {[%emt 0:00:03]} Nxe4 {[%emt 0:00:02]} 18. Nxe4 {
[%emt 0:00:14]} Bf5 {[%emt 0:00:05]} 19. Bd2 {[%emt 0:00:01]} Nf6 {[%emt 0:00:
04]} 20. Bc3 {[%emt 0:01:04]} Bxc3 {[%emt 0:00:06]} 21. bxc3 {[%emt 0:00:03]}
Nxd5 {[%emt 0:00:09]} 22. Qb3 {[%emt 0:00:14]} Kg7 {[%emt 0:01:18] '} 23. Qxd5
{[%emt 0:00:02]} Rae8 {[%emt 0:00:15]} 24. Qxd6 {[%emt 0:00:10]} Bxe4 {[%emt 0:
00:02]} 25. Qxe7+ {[%emt 0:00:02]} Rxe7 {[%emt 0:00:01]} 26. Rxe4 {[%emt 0:00:
02]} Rxe4 {[%emt 0:00:03]} 27. Bxe4 {[%emt 0:00:01]} Rxf4 {[%emt 0:00:02]} 28.
Bxb7 {[%emt 0:00:01]} a5 {[%emt 0:00:01]} 29. Bd5 {[%emt 0:00:04]} Kf6 {[%emt
0:00:02]} 30. c4 {[%emt 0:00:01]} Ke5 {[%emt 0:00:01]} 31. g3 {[%emt 0:00:04]}
Rf2 {[%emt 0:00:02]} 32. Rb1 {[%emt 0:00:04]} Ra2 {[%emt 0:00:02]} 33. Rb5 {
[%emt 0:00:02]} Rxa4 {[%emt 0:00:04]} 34. Rxc5 {[%emt 0:00:01]} Kd6 {[%emt 0:
00:09]} 35. Rc8 {[%emt 0:00:05]} Ra1+ {[%emt 0:00:07]} 36. Kg2 {[%emt 0:00:01]}
a4 {[%emt 0:00:01]} 37. Ra8 {[%emt 0:00:04]} Kc5 {[%emt 0:00:07]} 38. Ra7 {
[%emt 0:00:04]} h6 {[%emt 0:00:02]} 39. Ra6 {[%emt 0:00:01]} a3 {[%emt 0:00:01]
} 40. Rxg6 {[%emt 0:00:03]} a2 {[%emt 0:00:04]} 41. Ra6 {[%emt 0:00:01]} Kb4 {
[%emt 0:00:07]} 42. Kh3 {[%emt 0:00:04]} Kc5 {[%emt 0:00:07]} 43. g4 {[%emt 0:
00:04]} Kd4 {[%emt 0:00:03]} 44. Kh4 {[%emt 0:00:03]} Ke5 {[%emt 0:00:04]} 45.
h3 {[%emt 0:00:03]} Kf4 {[%emt 0:00:02]} 46. c5 {[%emt 0:00:01]} Ke5 {[%emt 0:
00:05]} 47. Rxa2 {[%emt 0:00:02]} Rc1 {[%emt 0:00:07]} 48. Bg8 {[%emt 0:00:03]}
Rxc5 {[%emt 0:00:02]} 49. Rf2 {[%emt 0:00:02]} Rc6 {[%emt 0:00:07]} 50. Rf5+ {
[%emt 0:00:02]} Kd4 {[%emt 0:00:02]} 51. Kh5 {[%emt 0:00:02]} Rb6 {[%emt 0:00:
07]} 52. h4 {[%emt 0:00:01]} Ke4 {[%emt 0:00:01]} 53. Bh7 {[%emt 0:00:01]} Ke3
{[%emt 0:00:02]} 54. Bg6 {[%emt 0:00:02]} Rb2 {[%emt 0:00:05]} 55. Kxh6 {[%emt
0:00:01]} Rh2 {[%emt 0:00:00]} 56. h5 {[%emt 0:00:01]} Kd4 {[%emt 0:00:00]} 57.
g5 {[%emt 0:00:01] TheMaster15 gibt auf} 1-0

[Event "Benidorm Satellite preliminary"]
[Site "playchess.com #007036"]
[Date "2009.10.24"]
[Round "8"]
[White "Ozmarabagi"]
[Black "Matty_xxx"]
[Result "0-1"]
[WhiteElo "1944"]
[BlackElo "2191"]
[PlyCount "110"]
[EventDate "2009.10.24"]
[EventType "swiss (blitz)"]

1. d4 {[%emt 0:00:03]} Nf6 {[%emt 0:00:02]} 2. c4 {[%emt 0:00:00]} e6 {[%emt 0:
00:01]} 3. Nf3 {[%emt 0:00:01]} Bb4+ {[%emt 0:00:01]} 4. Bd2 {[%emt 0:00:02]}
c5 {[%emt 0:00:00]} 5. Bxb4 {[%emt 0:00:01]} cxb4 {[%emt 0:00:00]} 6. e3 {
[%emt 0:00:25]} O-O {[%emt 0:00:03]} 7. Bd3 {[%emt 0:00:05]} d6 {[%emt 0:00:01]
} 8. Nbd2 {[%emt 0:00:04]} Nc6 {[%emt 0:00:02]} 9. O-O {[%emt 0:00:04]} e5 {
[%emt 0:00:07]} 10. Qc2 {[%emt 0:00:06]} Bg4 {[%emt 0:00:05]} 11. h3 {[%emt 0:
00:06]} Bxf3 {[%emt 0:00:10]} 12. Nxf3 {[%emt 0:00:04]} b3 {[%emt 0:00:06]} 13.
axb3 {[%emt 0:00:05]} Nb4 {[%emt 0:00:02]} 14. Bxh7+ {[%emt 0:00:11]} Nxh7 {
[%emt 0:00:03]} 15. Qc3 {[%emt 0:00:11]} a5 {[%emt 0:00:13]} 16. dxe5 {[%emt 0:
00:08]} dxe5 {[%emt 0:00:00]} 17. Qxe5 {[%emt 0:00:07]} Re8 {[%emt 0:00:10]}
18. Qf5 {[%emt 0:00:05]} Qc7 {[%emt 0:00:49]} 19. Nd4 {[%emt 0:00:07]} Nf6 {
[%emt 0:00:10]} 20. Nb5 {[%emt 0:00:07]} Qe5 {[%emt 0:00:01]} 21. Qxe5 {[%emt
0:00:06]} Rxe5 {[%emt 0:00:00]} 22. Nd6 {[%emt 0:00:05]} b6 {[%emt 0:00:08]}
23. Rfd1 {[%emt 0:00:06]} Re7 {[%emt 0:00:31]} 24. Nf5 {[%emt 0:00:06]} Rd7 {
[%emt 0:00:01]} 25. Rxd7 {[%emt 0:00:06]} Nxd7 {[%emt 0:00:00]} 26. Nd4 {[%emt
0:00:06]} Nc5 {[%emt 0:00:03]} 27. Rc1 {[%emt 0:00:16]} Re8 {[%emt 0:00:20]}
28. h4 {[%emt 0:00:08]} g6 {[%emt 0:00:17]} 29. g3 {[%emt 0:00:01]} Kg7 {[%emt
0:00:01]} 30. Kg2 {[%emt 0:00:01]} Kf6 {[%emt 0:00:01]} 31. Kf3 {[%emt 0:00:08]
} Nbd3 {[%emt 0:00:04]} 32. Rb1 {[%emt 0:00:02]} Ne4 {[%emt 0:00:02]} 33. Ne2 {
[%emt 0:00:41] .} Nexf2 {[%emt 0:00:05]} 34. Nf4 {[%emt 0:00:00]} Nxf4 {[%emt
0:00:04]} 35. exf4 {[%emt 0:00:04]} Nd3 {[%emt 0:00:05]} 36. Rd1 {[%emt 0:00:
02]} Nxb2 {[%emt 0:00:04]} 37. Rd6+ {[%emt 0:00:01]} Re6 {[%emt 0:00:02]} 38.
Rd5 {[%emt 0:00:06]} a4 {[%emt 0:00:04]} 39. bxa4 {[%emt 0:00:03]} Nxc4 {[%emt
0:00:05]} 40. Rb5 {[%emt 0:00:02]} Re3+ {[%emt 0:00:06]} 41. Kg4 {[%emt 0:00:
01]} Ra3 {[%emt 0:00:03]} 42. Rb4 {[%emt 0:00:01]} Ne3+ {[%emt 0:00:01]} 43.
Kh3 {[%emt 0:00:04]} Nf5 {[%emt 0:00:01]} 44. Rxb6+ {[%emt 0:00:01]} Kg7 {
[%emt 0:00:00]} 45. Rb4 {[%emt 0:00:04]} Rxg3+ {[%emt 0:00:02]} 46. Kh2 {[%emt
0:00:00]} Ra3 {[%emt 0:00:01]} 47. Kg2 {[%emt 0:00:02]} Nxh4+ {[%emt 0:00:01]}
48. Kh2 {[%emt 0:00:01]} Nf5 {[%emt 0:00:02]} 49. Kg2 {[%emt 0:00:01]} Kh6 {
[%emt 0:00:03]} 50. Kh2 {[%emt 0:00:01]} Kh5 {[%emt 0:00:01]} 51. Kg2 {[%emt 0:
00:01]} Kg4 {[%emt 0:00:01]} 52. Kh2 {[%emt 0:00:01]} Ra2+ {[%emt 0:00:01]} 53.
Kg1 {[%emt 0:00:01]} Ng3 {[%emt 0:00:03]} 54. a5 {[%emt 0:00:10]} Kh3 {[%emt 0:
00:02]} 55. Rb3 {[%emt 0:00:06]} Rg2# {[%emt 0:00:03]} 0-1

[Event "Benidorm Satellite preliminary"]
[Site "playchess.com #007036"]
[Date "2009.10.24"]
[Round "8"]
[White "Kendo"]
[Black "Us6"]
[Result "1/2-1/2"]
[WhiteElo "2677"]
[BlackElo "2574"]
[PlyCount "132"]
[EventDate "2009.10.24"]
[EventType "swiss (blitz)"]

1. c4 {[%emt 0:00:03]} c5 {[%emt 0:00:04]} 2. g3 {[%emt 0:00:02]} Nc6 {[%emt 0:
00:01]} 3. Bg2 {[%emt 0:00:01]} g6 {[%emt 0:00:00]} 4. Nc3 {[%emt 0:00:02]} Bg7
{[%emt 0:00:01]} 5. Nf3 {[%emt 0:00:06]} Nf6 {[%emt 0:00:02]} 6. O-O {[%emt 0:
00:01]} O-O {[%emt 0:00:01]} 7. d3 {[%emt 0:00:08]} d5 {[%emt 0:00:09]} 8. cxd5
{[%emt 0:00:03]} Nxd5 {[%emt 0:00:00]} 9. Bd2 {[%emt 0:00:03]} b6 {[%emt 0:00:
10]} 10. a3 {[%emt 0:00:07]} Bb7 {[%emt 0:00:09]} 11. Rc1 {[%emt 0:00:08]} Rc8
{[%emt 0:00:02]} 12. Nxd5 {[%emt 0:00:18]} Qxd5 {[%emt 0:00:20]} 13. Bc3 {
[%emt 0:00:03]} Nd4 {[%emt 0:00:13]} 14. Bxd4 {[%emt 0:00:50]} Bxd4 {[%emt 0:
00:07]} 15. Nh4 {[%emt 0:00:04]} Qd7 {[%emt 0:00:04]} 16. Bxb7 {[%emt 0:00:02]}
Qxb7 {[%emt 0:00:00]} 17. Qb3 {[%emt 0:00:08]} Rfd8 {[%emt 0:00:11]} 18. Nf3 {
[%emt 0:00:04]} Bg7 {[%emt 0:00:02]} 19. a4 {[%emt 0:00:06]} Qd5 {[%emt 0:00:
12]} 20. Qxd5 {[%emt 0:00:03]} Rxd5 {[%emt 0:00:00]} 21. b3 {[%emt 0:00:02]}
Rcd8 {[%emt 0:00:01]} 22. Rc4 {[%emt 0:00:06]} f5 {[%emt 0:00:01]} 23. Rb1 {
[%emt 0:00:03]} Bf8 {[%emt 0:00:19]} 24. Kg2 {[%emt 0:00:17]} e6 {[%emt 0:00:
22]} 25. Ne1 {[%emt 0:00:03]} Be7 {[%emt 0:00:04]} 26. Nc2 {[%emt 0:00:04]} Kf7
{[%emt 0:00:02]} 27. Na3 {[%emt 0:00:03]} R8d7 {[%emt 0:00:07]} 28. a5 {[%emt
0:00:09]} bxa5 {[%emt 0:00:08]} 29. Ra4 {[%emt 0:00:03]} Bd8 {[%emt 0:00:01]}
30. Nc4 {[%emt 0:00:05]} Rb7 {[%emt 0:00:07]} 31. f4 {[%emt 0:00:25]} Rb4 {
[%emt 0:00:10]} 32. Ra3 {[%emt 0:00:11]} Bc7 {[%emt 0:00:02]} 33. Nxa5 {[%emt
0:00:05]} Bxa5 {[%emt 0:00:11]} 34. Rxa5 {[%emt 0:00:00]} Rb7 {[%emt 0:00:03]}
35. Rba1 {[%emt 0:00:09]} Rdd7 {[%emt 0:00:02]} 36. Rxc5 {[%emt 0:00:02]} Rxb3
{[%emt 0:00:01]} 37. Rc2 {[%emt 0:00:01]} Kf6 {[%emt 0:00:10] '} 38. Ra6 {
[%emt 0:00:01]} Rb6 {[%emt 0:00:03]} 39. Ra3 {[%emt 0:00:02]} e5 {[%emt 0:00:
02]} 40. fxe5+ {[%emt 0:00:01]} Kxe5 {[%emt 0:00:00]} 41. h4 {[%emt 0:00:01]}
Rdb7 {[%emt 0:00:03]} 42. Kf3 {[%emt 0:00:01]} Rb5 {[%emt 0:00:05]} 43. Rca2 {
[%emt 0:00:04]} h6 {[%emt 0:00:12]} 44. Rxa7 {[%emt 0:00:03]} g5 {[%emt 0:00:
01]} 45. hxg5 {[%emt 0:00:02]} hxg5 {[%emt 0:00:00]} 46. Rxb7 {[%emt 0:00:01]}
Rxb7 {[%emt 0:00:01]} 47. Ra5+ {[%emt 0:00:00]} Kf6 {[%emt 0:00:01]} 48. g4 {
[%emt 0:00:05]} f4 {[%emt 0:00:07]} 49. Ra6+ {[%emt 0:00:04]} Kg7 {[%emt 0:00:
02]} 50. e3 {[%emt 0:00:05]} Rb3 {[%emt 0:00:07]} 51. exf4 {[%emt 0:00:01]}
Rxd3+ {[%emt 0:00:01]} 52. Ke4 {[%emt 0:00:00]} Rg3 {[%emt 0:00:03]} 53. fxg5 {
[%emt 0:00:07]} Rxg4+ {[%emt 0:00:02]} 54. Kf5 {[%emt 0:00:00]} Rb4 {[%emt 0:
00:01]} 55. Ra7+ {[%emt 0:00:01]} Kg8 {[%emt 0:00:02]} 56. Ra6 {[%emt 0:00:01]}
Rb8 {[%emt 0:00:01]} 57. Kg6 {[%emt 0:00:01] Us6 offers a draw} Rc8 {[%emt 0:
00:02]} 58. Kh6 {[%emt 0:00:02]} Rb8 {[%emt 0:00:01]} 59. g6 {[%emt 0:00:01]}
Rc8 {[%emt 0:00:01]} 60. Ra7 {[%emt 0:00:02]} Rb8 {[%emt 0:00:01]} 61. Rg7+ {
[%emt 0:00:01]} Kh8 {[%emt 0:00:02]} 62. Rf7 {[%emt 0:00:01]} Kg8 {[%emt 0:00:
01]} 63. Rf6 {[%emt 0:00:02]} Rc8 {[%emt 0:00:01]} 64. g7 {[%emt 0:00:01]} Rb8
{[%emt 0:00:01]} 65. Rf8+ {[%emt 0:00:02]} Rxf8 {[%emt 0:00:01]} 66. gxf8=Q+ {
[%emt 0:00:00]} Kxf8 {[%emt 0:00:00]} 1/2-1/2

[Event "Benidorm Satellite preliminary"]
[Site "playchess.com #007036"]
[Date "2009.10.24"]
[Round "8"]
[White "chess-vador"]
[Black "MONFMA0214"]
[Result "0-1"]
[WhiteElo "1790"]
[BlackElo "1679"]
[PlyCount "138"]
[EventDate "2009.10.24"]
[EventType "swiss (blitz)"]

1. d4 {[%emt 0:00:01]} Nf6 {[%emt 0:00:02]} 2. Nf3 {[%emt 0:00:01]} e6 {[%emt
0:00:01]} 3. Bf4 {[%emt 0:00:02]} b6 {[%emt 0:00:01]} 4. Nbd2 {[%emt 0:00:03]}
Bb7 {[%emt 0:00:02]} 5. e3 {[%emt 0:00:01]} c5 {[%emt 0:00:01]} 6. Bd3 {[%emt
0:00:05]} d5 {[%emt 0:00:08]} 7. c3 {[%emt 0:00:03]} Be7 {[%emt 0:00:09]} 8.
Ne5 {[%emt 0:00:02]} Nc6 {[%emt 0:00:09]} 9. g4 {[%emt 0:00:05]} O-O {[%emt 0:
00:04]} 10. g5 {[%emt 0:00:03]} Nxe5 {[%emt 0:00:04]} 11. dxe5 {[%emt 0:00:04]}
Nd7 {[%emt 0:00:02]} 12. Qh5 {[%emt 0:00:17]} g6 {[%emt 0:00:14]} 13. Qg4 {
[%emt 0:00:12]} d4 {[%emt 0:00:05]} 14. Ne4 {[%emt 0:00:07]} Re8 {[%emt 0:00:
18]} 15. h4 {[%emt 0:00:06]} dxc3 {[%emt 0:00:02]} 16. bxc3 {[%emt 0:00:02]}
Nxe5 {[%emt 0:00:18]} 17. Bxe5 {[%emt 0:00:12]} Qxd3 {[%emt 0:00:02]} 18. Nf6+
{[%emt 0:00:59]} Bxf6 {[%emt 0:00:03]} 19. gxf6 {[%emt 0:00:01]} Bc8 {[%emt 0:
00:09]} 20. Qg5 {[%emt 0:00:07]} Ba6 {[%emt 0:00:06]} 21. Qg4 {[%emt 0:00:26]}
h5 {[%emt 0:00:20]} 22. Qf3 {[%emt 0:00:03]} Red8 {[%emt 0:00:11]} 23. Rd1 {
[%emt 0:00:06] chess-vador propose la nulle} Qxd1+ {[%emt 0:00:08]} 24. Qxd1 {
[%emt 0:00:01]} Rxd1+ {[%emt 0:00:02]} 25. Kxd1 {[%emt 0:00:00]} Rd8+ {[%emt 0:
00:02]} 26. Kc2 {[%emt 0:00:05]} Rd5 {[%emt 0:00:10]} 27. f4 {[%emt 0:00:02]}
Rd3 {[%emt 0:00:11]} 28. Re1 {[%emt 0:00:06]} Kf8 {[%emt 0:00:06]} 29. a3 {
[%emt 0:00:09]} Ke8 {[%emt 0:00:02]} 30. Kc1 {[%emt 0:00:14]} Kd7 {[%emt 0:00:
04]} 31. Rd1 {[%emt 0:00:01]} Rxd1+ {[%emt 0:00:03]} 32. Kxd1 {[%emt 0:00:00]}
Kc6 {[%emt 0:00:03]} 33. Kc2 {[%emt 0:00:02]} Bc4 {[%emt 0:00:03]} 34. Kb2 {
[%emt 0:00:07]} a6 {[%emt 0:00:02]} 35. Kc2 {[%emt 0:00:05]} Kd5 {[%emt 0:00:
01]} 36. Kd2 {[%emt 0:00:03]} Ke4 {[%emt 0:00:01]} 37. Bc7 {[%emt 0:00:03]} b5
{[%emt 0:00:02]} 38. Bd6 {[%emt 0:00:01]} Kd5 {[%emt 0:00:02]} 39. Be5 {[%emt
0:00:01]} Ke4 {[%emt 0:00:12] '} 40. Bd6 {[%emt 0:00:01]} Kf3 {[%emt 0:00:01]}
41. Bxc5 {[%emt 0:00:02]} Kg3 {[%emt 0:00:01]} 42. e4 {[%emt 0:00:02]} Kxh4 {
[%emt 0:00:01]} 43. f5 {[%emt 0:00:02]} gxf5 {[%emt 0:00:02]} 44. exf5 {[%emt
0:00:01]} Kg5 {[%emt 0:00:03]} 45. Ke3 {[%emt 0:00:00]} Kxf5 {[%emt 0:00:01]}
46. Bd4 {[%emt 0:00:02]} h4 {[%emt 0:00:02]} 47. Kf3 {[%emt 0:00:01]} h3 {
[%emt 0:00:02]} 48. Kg3 {[%emt 0:00:01]} Bf1 {[%emt 0:00:01]} 49. Kf2 {[%emt 0:
00:01]} Bg2 {[%emt 0:00:02]} 50. Kg3 {[%emt 0:00:01]} Ke4 {[%emt 0:00:01]} 51.
Kh2 {[%emt 0:00:03]} Kf5 {[%emt 0:00:01]} 52. Kg1 {[%emt 0:00:02]} e5 {[%emt 0:
00:01]} 53. Bf2 {[%emt 0:00:03]} Kxf6 {[%emt 0:00:01]} 54. c4 {[%emt 0:00:02]}
bxc4 {[%emt 0:00:01]} 55. Kh2 {[%emt 0:00:01]} Ke6 {[%emt 0:00:02]} 56. a4 {
[%emt 0:00:01]} f6 {[%emt 0:00:01]} 57. a5 {[%emt 0:00:01]} f5 {[%emt 0:00:01]}
58. Bg3 {[%emt 0:00:01]} f4 {[%emt 0:00:01]} 59. Bh4 {[%emt 0:00:01]} e4 {
[%emt 0:00:01]} 60. Kg1 {[%emt 0:00:01]} Ke5 {[%emt 0:00:03]} 61. Bg5 {[%emt 0:
00:01]} Kf5 {[%emt 0:00:03]} 62. Bh6 {[%emt 0:00:01]} e3 {[%emt 0:00:01]} 63.
Kh2 {[%emt 0:00:05]} Ke4 {[%emt 0:00:01]} 64. Bxf4 {[%emt 0:00:01]} Kxf4 {
[%emt 0:00:02]} 65. Kg1 {[%emt 0:00:01]} Bf3 {[%emt 0:00:05]} 66. Kh2 {[%emt 0:
00:01]} Kg4 {[%emt 0:00:02]} 67. Kg1 {[%emt 0:00:01]} Kg3 {[%emt 0:00:01]} 68.
Kf1 {[%emt 0:00:01]} h2 {[%emt 0:00:01]} 69. Ke1 {[%emt 0:00:01]} h1=R# {[%emt
0:00:03]} 0-1